Statistics for Fast Adding a Random Number

Click here to take the quiz!

General Stats

  • This quiz has been taken 11 times
  • The average score is 7 of 200

Answer Stats

Add% Correct
62
100%
124
70%
248
50%
186
40%
310
40%
372
40%
434
40%
496
40%
620
40%
558
30%
682
30%
744
30%
806
30%
868
30%
992
30%
6262
20%
930
20%
1054
10%
1116
10%
1178
10%
10044
0%
10106
0%
10168
0%
10230
0%
10292
0%
10354
0%
10416
0%
10478
0%
10540
0%
10602
0%
10664
0%
10726
0%
10788
0%
10850
0%
10912
0%
10974
0%
11036
0%
11098
0%
11160
0%
11222
0%
11284
0%
11346
0%
11408
0%
11470
0%
11532
0%
11594
0%
11656
0%
11718
0%
11780
0%
11842
0%
11904
0%
11966
0%
12028
0%
12090
0%
12152
0%
12214
0%
12276
0%
12338
0%
1240
0%
12400
0%
1302
0%
1364
0%
1426
0%
1488
0%
1550
0%
1612
0%
1674
0%
1736
0%
1798
0%
1860
0%
1922
0%
1984
0%
2046
0%
2108
0%
2170
0%
2232
0%
2294
0%
2356
0%
2418
0%
2480
0%
2542
0%
2604
0%
2666
0%
2728
0%
2790
0%
2852
0%
2914
0%
2976
0%
3038
0%
3100
0%
3162
0%
3224
0%
3286
0%
3348
0%
3410
0%
3472
0%
3534
0%
3596
0%
3658
0%
3720
0%
3782
0%
3844
0%
3906
0%
3968
0%
4030
0%
4092
0%
4154
0%
4216
0%
4278
0%
4340
0%
4402
0%
4464
0%
4526
0%
4588
0%
4650
0%
4712
0%
4774
0%
4836
0%
4898
0%
4960
0%
5022
0%
5084
0%
5146
0%
5208
0%
5270
0%
5332
0%
5394
0%
5456
0%
5518
0%
5580
0%
5642
0%
5704
0%
5766
0%
5828
0%
5890
0%
5952
0%
6014
0%
6076
0%
6138
0%
6200
0%
6324
0%
6386
0%
6448
0%
6510
0%
6572
0%
6634
0%
6696
0%
6758
0%
6820
0%
6882
0%
6944
0%
7006
0%
7068
0%
7130
0%
7192
0%
7254
0%
7316
0%
7378
0%
7440
0%
7502
0%
7564
0%
7626
0%
7688
0%
7750
0%
7812
0%
7874
0%
7936
0%
7998
0%
8060
0%
8122
0%
8184
0%
8246
0%
8308
0%
8370
0%
8432
0%
8494
0%
8556
0%
8618
0%
8680
0%
8742
0%
8804
0%
8866
0%
8928
0%
8990
0%
9052
0%
9114
0%
9176
0%
9238
0%
9300
0%
9362
0%
9424
0%
9486
0%
9548
0%
9610
0%
9672
0%
9734
0%
9796
0%
9858
0%
9920
0%
9982
0%

Score Distribution

Percentile by Number Answered

Percent of People with Each Score

Your Score History

You have not taken this quiz